| 000 | 00511nam a2200193 u 4500 | ||
|---|---|---|---|
| 005 | 20240228063944.0 | ||
| 008 | 080722s1994 r 000 0 eng d | ||
| 020 | _a8426128130 | ||
| 035 | _aUPN01000157857 | ||
| 049 | _aI | ||
| 050 | 4 |
_aPZ71 _bS6.44 |
|
| 100 | 1 |
_aSolís, Valerie _935559 |
|
| 245 | 1 | 0 |
_aKiwi / _cValerie Solís. |
| 260 |
_aBarcelona, Esp. : _bJuventud, _c1994. |
||
| 300 |
_a[28] p. : _bil. col. |
||
| 440 | 0 | _aCuadrada | |
| 650 | 4 |
_aLibros y lectura para niños _92290 |
|
| 905 | _aInfantil | ||
| 999 |
_c129971 _d129971 |
||